000 00416ntaaa2200169 4500
003 01
005 20251027201709.0
008 0714s1973 ag 01
040 _aAR-BaBN
_bspa
_cAR-BaBN
_eaacr
_dRIC
082 _a233.0000 Za1
100 _aZambrano, María
_915590
245 _aEl hombre y lo divino
250 _a1 ed.
260 _aMéxico :
_bFondo de Cultura Económica,
_c1955
300 _a295 p
942 _cBK
999 _c11679
_d11679